Agha Hashar Kashmiri: shkyiat or fun/ (Record no. 614215)
[ view plain ]
| 000 -LEADER | |
|---|---|
| fixed length control field | 00641nam a22001697a 4500 |
| 082 ## - DEWEY DECIMAL CLASSIFICATION NUMBER | |
| Classification number | 891.439092 |
| Author Mark | YAV |
| 100 ## - MAIN ENTRY--PERSONAL NAME | |
| Personal name | Yaro, Yaqoob |
| 245 ## - TITLE STATEMENT | |
| Title | Agha Hashar Kashmiri: shkyiat or fun/ |
| Statement of responsibility, etc. | Yaqoob Yaro, |
| 260 ## - PUBLICATION, DISTRIBUTION, ETC. | |
| Place of publication, distribution, etc. | Karachi ; |
| Name of publisher, distributor, etc. | city bookm point. |
| Date of publication, distribution, etc. | 2018. |
| 300 ## - PHYSICAL DESCRIPTION | |
| Extent | 159p. : |
| Dimensions | 25cm. |
| 563 ## - BINDING INFORMATION | |
| Binding note | HB |
| 650 ## - SUBJECT ADDED ENTRY--TOPICAL TERM | |
| Topical term or geographic name entry element | Agha Hashar Kashmiri – Urdu drama – History and criticism |
| 880 ## - ALTERNATE GRAPHIC REPRESENTATION | |
| Linkage | 100-01/(3\r |
| Title | یعقوب یارو, |
| 880 ## - ALTERNATE GRAPHIC REPRESENTATION | |
| Linkage | 245-02/(3\r |
| Title | آغا حشر کاشمیری: شخصیت اور فن/ |
| b | یعقوب یارو, |
| 880 ## - ALTERNATE GRAPHIC REPRESENTATION | |
| Linkage | 260-03/(3\r |
| Title | کراچی ؛ |
| b | سٹی بُک پوائنٹ, |
| c | 2018. |
| 942 ## - ADDED ENTRY ELEMENTS (KOHA) | |
| Source of classification or shelving scheme | |
| Koha item type | Book |
| 650 ## - SUBJECT ADDED ENTRY--TOPICAL TERM | |
| -- | 129604 |
| Withdrawn status | Lost status | Source of classification or shelving scheme | Damaged status | Not for loan | Permanent Location | Current Location | Date acquired | Total Checkouts | Full call number | Barcode | Date last seen | Price effective from | Koha item type |
|---|---|---|---|---|---|---|---|---|---|---|---|---|---|
| Central Library (CL) | Central Library (CL) | 07/10/2025 | 891.439092 YAV | CL-D-2836 | 07/10/2025 | 07/10/2025 | Book |
